000 nam a22 7a 4500
999 _c17152
_d17152
008 161122b xxu||||| |||| 00| 0 eng d
020 _a9781607973461
050 _aRC 675 .G54 2014
100 _aGiedrimiene, Dalia
_d2014
245 _aEssentials of cardiovascular physiology, pathophysiology & pharmacology :
_bworkbook with exercises, cases, problem-based activities & self-assessment/
_cDalia Giedrimiene
260 _aRonkonkoma, NY :
_bLinus Learning,
_c2014.
300 _aviii, 580 pages :
_billustrations ;
_c28cm.
521 _aIncludes index.
650 _aCardiovascular system -- Physiology.
650 _aCardiovascular Physiological Phenomena.
942 _2lcc
_cBOOKS
_hRC 675 .G54 2014